Statistiken für Tschechien-Quiz

Klicken Sie hier um das Quiz zu spielen!

Allgemein

  • Dieses Quiz wurde 3.565 mal gespielt
  • Das Durchschnittsergebnis liegt bei 14 aus 21

Antwortstatistiken

HinweisAntwort% Korrekt
HauptstadtPrag
100%
NachbarländerDeutschland
98%
NachbarländerPolen
98%
NachbarländerÖsterreich
96%
NachbarländerSlowakei
96%
Stadt, berühmt für ihr Bier
(Hinweis: beginnt mit P)
Pilsen
80%
Fluss, der im Riesengebirge entspringt
und in Deutschland in die Nordsee fließt
Elbe
74%
Es war bis 1993 Teil dieses LandesTschechoslowakei
73%
Land, das 1968 einmarschierteSowjetunion
70%
Berühmte Brücke in dieser StadtKarlsbrücke
69%
WährungKoruna
69%
Größter AutoherstellerŠkoda Auto
69%
Größte RegionBöhmen
64%
Beliebteste Sportart (neben Fußball)Eishockey
54%
Ethnische Gruppe der Tschechen,
Polen und Serben
Slawen
54%
Autor beunruhigender Romane wie etwa
"Die Verwandlung"
Franz Kafka
53%
Reich, von dem es von 1002 bis 1806 Teil warHeiliges Römisches Reich
48%
Jemanden aus einem Fenster stürzen.
Passierte u.a.1419 und 1618
Defenestration
46%
Zweitgrößte StadtBrünn
43%
Menschenähnliches, aber dummes
Lehmmonster der jüdischen Mystik
Golem
34%
Autor und Präsident von 1993 bis 2003Václav Havel
31%

Verteilung der Resultate

Perzentil nach korrekt beantworteten Fragen

Anzahl Personen mit jedem Resultat

Ihre Resultats-Entwicklung

Sie haben dieses Quiz noch nicht gespielt